00575nam a22002177a 4500003000500000005001700005008004100022010001000063011001000073035001000083040000900093082001400102100002600116245004000142260003100182300001100213490004600224650002000270650002100290830004600311CHAP20220919135246.0971013s1982 r 00010 d a22288 a23260 a27356 cCHAP a023.5bC600aColl-Vinent, Roberto. aProfesionales de la documentación aBarcelona :bA.T.E.,c1982 a240 p. aTextos de informática y documentación14aBibliotecarios.14aDocumentación.0 aTextos de informática y documentación